| 000 | 00706nam a2200193 a 4500 | ||
|---|---|---|---|
| 008 | 081028s2002 ||||||||||||||||| || u | ||
| 020 | _a0198792859 | ||
| 050 | _aQD 453.2 Atk | ||
| 100 | _aAtkins, Peter | ||
| 245 | 1 | 0 |
_aAtkin's physical chemistry. -- 7th ed. _cPeter Atkins; Julio de Paula |
| 250 | _a7th | ||
| 260 |
_aOxford _bOxford University Press _c2002 |
||
| 300 | _axxi, 1149p.: ill. | ||
| 350 | _a298000.00 | ||
| 650 | 0 | _aCHEMISTRY--HANDBOOKS, MANUALS, ETC | |
| 650 | _aPHYSICAL CHEMISTRY | ||
| 700 | _ade Paulo, Julio | ||
| 995 |
_D298000.00 _FCBU-MAIN LIBRARY (Kitwe) _H1 _I0.00 _M1 _UAVAILABLE _WOct 28, 2008 _ZMain Library Open Access Collection |
||
| 999 |
_c35220 _d35220 |
||